Loading...
| History - American | 0 | 7 | 0 | 0 | 70 | 89 | 117.14 | 0 | 0 | 0.00 | 0.00 |
| Geography | 0 | 3 | 1 | 0 | 25 | 135 | 142.67 | 0 | 0 | 0.00 | 0.00 |
| History - World | 0 | 3 | 1 | 1 | 25 | 127 | 133.00 | 0 | 0 | 0.00 | 0.00 |
| Science - Other | 0 | 3 | 2 | 1 | 20 | 79 | 103.33 | 0 | 1 | 0.00 | 0.00 |
| Other Academic | 0 | 2 | 0 | 0 | 20 | 75 | 79.00 | 0 | 1 | 0.00 | 0.00 |
| Literature - World | 0 | 2 | 0 | 0 | 20 | 90 | 112.50 | 1 | 1 | 0.00 | 0.00 |
| History - European | 0 | 2 | 0 | 0 | 20 | 119 | 127.00 | 0 | 0 | 0.00 | 0.00 |
| Social Science | 0 | 1 | 0 | 0 | 10 | 74 | 74.00 | 0 | 1 | 0.00 | 0.00 |
| Fine Arts - Other | 0 | 1 | 0 | 1 | 10 | 139 | 139.00 | 0 | 0 | 0.00 | 0.00 |
| Fine Arts - Painting & Sculpture | 0 | 1 | 0 | 0 | 10 | 128 | 128.00 | 0 | 0 | 0.00 | 0.00 |
| Literature - European | 0 | 1 | 0 | 0 | 10 | 83 | 83.00 | 1 | 1 | 0.00 | 0.00 |
| Mythology | 0 | 1 | 1 | 0 | 5 | 111 | 111.00 | 0 | 1 | 0.00 | 0.00 |
| Religion | 0 | 1 | 1 | 0 | 5 | 122 | 122.00 | 0 | 1 | 0.00 | 0.00 |
| History - Other | 0 | 1 | 1 | 0 | 5 | 125 | 125.00 | 0 | 0 | 0.00 | 0.00 |
| Science - Biology | 0 | 0 | 0 | 0 | 0 | 0.00 | 0 | 0 | 0.00 | 0.00 | |
| Current Events | 0 | 1 | 2 | 0 | 0 | 38 | 38.00 | 1 | 1 | 0.00 | 0.00 |